Statistics for Indian Ocean Countries

Click here to take the quiz!

General Stats

  • This quiz has been taken 68 times
  • The average score is 29 of 35

Answer Stats

Answer% Correct
India
98%
Sri Lanka
95%
Pakistan
93%
Bangladesh
92%
Indonesia
90%
Maldives
90%
Yemen
90%
Malaysia
88%
Oman
88%
Madagascar
87%
Saudi Arabia
87%
Thailand
87%
United Arab Emirates
87%
Somalia
85%
Iran
83%
Kenya
83%
Myanmar
83%
South Africa
83%
Australia
82%
Qatar
82%
Kuwait
80%
Tanzania
80%
Mozambique
78%
Bahrain
77%
Iraq
77%
Mauritius
75%
Seychelles
75%
Eritrea
73%
Djibouti
72%
East Timor
70%
Egypt
70%
Comoros
68%
Jordan
68%
Israel
67%
Sudan
67%

Score Distribution

Percentile by Number Answered

Percent of People with Each Score

Your Score History

You have not taken this quiz